[Event "European Blitz-ch 2018"]
[Site "Skopje"]
[Date "2018.12.06"]
[Round "2"]
[White "Sadiku, Bedri"]
[Black "Jovanovic, Zoran"]
[Result "1-0"]
[WhiteElo "2237"]
[BlackElo "2518"]
[Annotator "TA"]
[PlyCount "115"]
[EventDate "2018.12.06"]
[EventType "swiss"]
[EventCountry "MKD"]
[SourceTitle "playchess.com"]
[Source "ChessBase"]
[SourceQuality "1"]

1. d4 d6 2. c4 e5 3. Nf3 e4 4. Ng1 f5 5. Nc3 Be7 6. g3 Nf6 7. h4 c6 8. Nh3 Nbd7 9. Bg5 Nb6 10. e3 Be6 11. b3 d5 12. Nf4 Bf7 13. cxd5 Bb4 14. Qd2 Nbxd5 15. Nfxd5 Bxd5 16. Bxf6 Qxf6 17. a3 Bxc3 18. Qxc3 O-O 19. Bc4 Rad8 20. O-O Qg6 21. Kh2 Qg4 22. Qd2 Rf6 23. Rh1 Rfd6 24. Rac1 Kh8 25. Qd1 Qg6 26. Qe2 Qe6 27. Bxd5 Rxd5 28. b4 Qd6 29. Kg2 a5 30. Qc4 axb4 31. Qxb4 Qd7 32. Rc5 f4 33. exf4 Rxd4 34. Qb1 e3 35. fxe3 Rd3 36. Re5 Qg4 37. Qxd3 Qc8 38. Qe2 Qd7 39. Re1 h6 40. Qc2 b6 41. Re2 c5 42. Qc4 Qg4 43. e4 Kh7 44. Rd5 Ra8 45. Rd3 Qxe2+ 46. Kh3 Qf1+ 47. Kg4 Qe2+ 48. Kh3 h5 49. Qd5 Qg4+ 50. Kg2 Re8 51. Rf3 Re7 52. f5 Rf7 53. Qxf7 Qxe4 54. Qxh5+ Kg8 55. Qg6 Qe2+ 56. Rf2 Qe4+ 57. Kh2 Qe3 58. Qe6+ 1-0

[Event "European Blitz-ch 2018"]
[Site "Skopje"]
[Date "2018.12.06"]
[Round "2"]
[White "Martinov, Levko"]
[Black "Lagarde, Maxime"]
[Result "0-1"]
[WhiteElo "2225"]
[BlackElo "2616"]
[Annotator "TA"]
[PlyCount "42"]
[EventDate "2018.12.06"]
[EventType "swiss"]
[EventCountry "MKD"]
[SourceTitle "playchess.com"]
[Source "ChessBase"]
[SourceQuality "1"]

1. c4 g6 2. g3 Bg7 3. Bg2 e5 4. d3 f5 5. Nc3 c6 6. Nf3 d6 7. O-O Nf6 8. Bd2 O-O 9. Rb1 a5 10. a3 h6 11. b4 axb4 12. axb4 g5 13. b5 c5 14. e3 e4 15. dxe4 fxe4 16. Ne1 Bf5 17. Qc2 Qe8 18. Bc1 Nbd7 19. Bb2 Ne5 20. Qb3 Qh5 21. Rd1 Nf3+ 0-1

[Event "European Blitz-ch 2018"]
[Site "Skopje"]
[Date "2018.12.06"]
[Round "2"]
[White "Karacsonyi, Gellert"]
[Black "Artemiev, Vladislav"]
[Result "0-1"]
[WhiteElo "2195"]
[BlackElo "2709"]
[Annotator "TA"]
[PlyCount "52"]
[EventDate "2018.12.06"]
[EventType "swiss"]
[EventCountry "MKD"]
[SourceTitle "playchess.com"]
[Source "ChessBase"]
[SourceQuality "1"]

1. e4 c6 2. d4 d5 3. exd5 cxd5 4. Bd3 Nc6 5. c3 Qc7 6. Ne2 Bg4 7. f3 Bd7 8. O-O e6 9. Bf4 Bd6 10. Bxd6 Qxd6 11. Nd2 Nge7 12. f4 Nf5 13. Bxf5 exf5 14. Nf3 f6 15. Qd3 O-O 16. g3 Rae8 17. Rae1 Na5 18. Nc1 Qb6 19. b3 Re4 20. c4 dxc4 21. bxc4 Be6 22. Rxe4 Bxc4 23. Qc2 fxe4 24. Qxe4 Bxf1 25. Kxf1 Qb5+ 26. Kg2 Re8 0-1

[Event "European Blitz-ch 2018"]
[Site "Skopje"]
[Date "2018.12.06"]
[Round "2"]
[White "Poznyak, Nazar"]
[Black "Ruck, Robert"]
[Result "0-1"]
[WhiteElo "2181"]
[BlackElo "2512"]
[Annotator "TA"]
[PlyCount "96"]
[EventDate "2018.12.06"]
[EventType "swiss"]
[EventCountry "MKD"]

1. d4 Nf6 2. Nf3 e6 3. c4 b6 4. g3 Ba6 5. b3 d5 6. Bg2 dxc4 7. Ne5 Bb4+ 8. Bd2 cxb3 9. axb3 Bxd2+ 10. Qxd2 Nd5 11. O-O O-O 12. Nc3 Bb7 13. e4 Ne7 14. Rfc1 Nd7 15. Nc4 Nf6 16. Qe3 a6 17. b4 Nc6 18. b5 axb5 19. Rxa8 Qxa8 20. Nxb5 Rc8 21. d5 exd5 22. exd5 Nb4 23. d6 Bxg2 24. Nxc7 Qb7 25. d7 Rf8 26. Nd6 Qb8 27. Kxg2 Nxd7 28. Qb3 Na6 29. Qc4 Nxc7 30. Qxc7 Qa8+ 31. Kg1 Ne5 32. Qb7 Qxb7 33. Nxb7 Rb8 34. Nd6 Kf8 35. Rb1 Nd7 36. h4 g6 37. Re1 b5 38. Rb1 b4 39. Nc4 Nc5 40. h5 gxh5 41. Ne5 Rb7 42. Nc6 b3 43. Na5 Rb5 44. Nc4 Ke7 45. Re1+ Kf6 46. Kg2 b2 47. Rb1 Na4 48. Kh3 Rb4 0-1

[Event "European Blitz-ch 2018"]
[Site "Skopje"]
[Date "2018.12.06"]
[Round "2"]
[White "Marinskii, Yurii"]
[Black "Demidov, Mikhail"]
[Result "0-1"]
[WhiteElo "2174"]
[BlackElo "2520"]
[Annotator "TA"]
[PlyCount "132"]
[EventDate "2018.12.06"]
[EventType "swiss"]
[EventCountry "MKD"]
[SourceTitle "playchess.com"]
[Source "ChessBase"]
[SourceQuality "1"]

1. e4 Nf6 2. e5 Nd5 3. d4 d6 4. exd6 exd6 5. g3 g6 6. Bg2 Ne7 7. Ne2 Bg7 8. O-O O-O 9. c3 c6 10. Nd2 Re8 11. Ne4 d5 12. Nc5 Nd7 13. Nxd7 Bxd7 14. Re1 Nf5 15. Nf4 Qb6 16. Rxe8+ Rxe8 17. Nd3 Nd6 18. Bf4 Ne4 19. Qb3 Bf5 20. Qxb6 axb6 21. Rd1 Bf8 22. a3 Nd6 23. Rd2 Nc4 24. Rd1 Bxd3 25. Rxd3 Nxb2 26. Rd2 Bxa3 27. Kf1 Nc4 28. Rd1 Bd6 29. Bc1 Ra8 30. Bh3 f5 31. Bg2 Ra1 32. Ke2 Ra2+ 33. Ke1 b5 34. Bf1 Kf7 35. Bd3 b4 36. cxb4 Bxb4+ 37. Kf1 b5 38. h4 h5 39. Bg5 Nb2 40. Bb1 Nxd1 41. Bxa2 Nc3 42. Bb3 Ne4 43. Be3 Bd2 44. Ke2 Bxe3 45. Kxe3 Ke6 46. Bd1 Nd6 47. f3 Kf6 48. g4 hxg4 49. fxg4 fxg4 50. Bxg4 Nf5+ 51. Kd3 b4 52. h5 g5 53. Bh3 Nh6 54. Bd7 g4 55. Bxc6 Ke6 56. Ke3 b3 57. Ba4 b2 58. Bc2 Nf5+ 59. Kf4 Nxd4 60. Bb1 Ne2+ 61. Kxg4 Nc3 62. Bc2 b1=Q 63. Bxb1 Nxb1 64. Kg5 Nc3 65. h6 Kf7 66. Kf5 Nb5 0-1

[Event "European Blitz-ch 2018"]
[Site "Skopje"]
[Date "2018.12.06"]
[Round "2"]
[White "Bognar, Csaba"]
[Black "Laznicka, Viktor"]
[Result "0-1"]
[WhiteElo "2171"]
[BlackElo "2675"]
[Annotator "TA"]
[PlyCount "52"]
[EventDate "2018.12.06"]
[EventType "swiss"]
[EventCountry "MKD"]
[SourceTitle "playchess.com"]
[Source "ChessBase"]
[SourceQuality "1"]

1. d4 d5 2. Nf3 Nf6 3. g3 Bf5 4. Bg2 e6 5. O-O Be7 6. Nbd2 h6 7. c4 c6 8. b3 Nbd7 9. Bb2 a5 10. Ne5 a4 11. f3 Nxe5 12. dxe5 Qb6+ 13. Kh1 a3 14. Bc3 d4 15. exf6 Bxf6 16. Ne4 Bxe4 17. fxe4 dxc3 18. Qd3 Rd8 19. Qf3 O-O 20. Rac1 Rd2 21. g4 Rxa2 22. h4 Qc5 23. b4 Qe5 24. Rfd1 Rd2 25. Rxd2 cxd2 26. Rd1 a2 0-1

[Event "European Blitz-ch 2018"]
[Site "Skopje"]
[Date "2018.12.06"]
[Round "2"]
[White "Varvadoukas, Theodoros"]
[Black "Blagojevic, Dragisa"]
[Result "0-1"]
[WhiteElo "2164"]
[BlackElo "2497"]
[Annotator "TA"]
[PlyCount "48"]
[EventDate "2018.12.06"]
[EventType "swiss"]
[EventCountry "MKD"]
[SourceTitle "playchess.com"]
[Source "ChessBase"]
[SourceQuality "1"]

1. c4 e6 2. g3 d5 3. Bg2 Nf6 4. Nf3 dxc4 5. Qa4+ c6 6. Qxc4 b5 7. Qc2 Bb7 8. O-O Nbd7 9. d4 c5 10. Rd1 Rc8 11. Qb3 a6 12. Bg5 Qb6 13. dxc5 Bxc5 14. e3 h6 15. Bf4 g5 16. Be5 Bxf3 17. Bxf6 Bxd1 18. Qc3 b4 19. Bxh8 bxc3 20. Nxc3 Bc2 21. Ne4 Bxe4 22. Bxe4 Ke7 23. Bc3 Nf6 24. Bg2 Nd5 0-1

[Event "European Blitz-ch 2018"]
[Site "Skopje"]
[Date "2018.12.06"]
[Round "2"]
[White "Jovanoski, Vasko"]
[Black "Saric, Ante"]
[Result "0-1"]
[WhiteElo "2145"]
[BlackElo "2533"]
[Annotator "TA"]
[PlyCount "54"]
[EventDate "2018.12.06"]
[EventType "swiss"]
[EventCountry "MKD"]
[SourceTitle "playchess.com"]
[Source "ChessBase"]
[SourceQuality "1"]

1. d4 Nf6 2. Nf3 d5 3. a3 g6 4. b3 Bg7 5. Bb2 O-O 6. Nbd2 c5 7. e3 cxd4 8. exd4 Nc6 9. Bd3 b6 10. h3 Bb7 11. O-O Rc8 12. Re1 e6 13. b4 Re8 14. Rc1 Ne7 15. Ne5 Nf5 16. Qf3 Nd6 17. Qe2 Re7 18. Rcd1 Rec7 19. f3 Qe8 20. Qf2 Bc6 21. Rc1 Bb5 22. Qe3 Bxd3 23. cxd3 Rc2 24. Rb1 Nf5 25. Qf2 Bh6 26. Re2 Rxd2 27. Rxd2 Be3 0-1

[Event "European Blitz-ch 2018"]
[Site "Skopje"]
[Date "2018.12.06"]
[Round "2"]
[White "Uruci, Besim"]
[Black "Ragger, Markus"]
[Result "0-1"]
[WhiteElo "2137"]
[BlackElo "2687"]
[Annotator "TA"]
[PlyCount "64"]
[EventDate "2018.12.06"]
[EventType "swiss"]
[EventCountry "MKD"]
[SourceTitle "playchess.com"]
[Source "ChessBase"]
[SourceQuality "1"]

1. d4 Nf6 2. Nf3 g6 3. g3 Bg7 4. Bg2 O-O 5. O-O d5 6. b3 a5 7. Bb2 a4 8. e3 Bf5 9. c4 c6 10. Nc3 a3 11. Bc1 Ne4 12. Qe1 Qa5 13. Nb1 dxc4 14. Qxa5 Rxa5 15. bxc4 Nd6 16. Bxa3 Nxc4 17. Bxe7 Re8 18. Bb4 Ra8 19. Nc3 Na6 20. a3 c5 21. Bxc5 Nxc5 22. dxc5 Bxc3 23. Rac1 Rxa3 24. Nd4 Bd3 25. Rfd1 Nb2 26. Bxb7 Nxd1 27. Rxd1 Ra1 28. Rxa1 Bxa1 29. c6 Bxd4 30. c7 Bf5 31. exd4 Re1+ 32. Kg2 Rc1 0-1

[Event "European Blitz-ch 2018"]
[Site "Skopje"]
[Date "2018.12.06"]
[Round "2"]
[White "Bruned, Boris"]
[Black "Perunovic, Milos"]
[Result "0-1"]
[WhiteElo "2133"]
[BlackElo "2597"]
[Annotator "TA"]
[PlyCount "74"]
[EventDate "2018.12.06"]
[EventType "swiss"]
[EventCountry "MKD"]
[SourceTitle "playchess.com"]
[Source "ChessBase"]
[SourceQuality "1"]

1. e4 c5 2. Nf3 e6 3. d4 cxd4 4. Nxd4 Nc6 5. Nb5 d6 6. Bf4 e5 7. Be3 Nf6 8. Bg5 a6 9. Bxf6 gxf6 10. N5c3 f5 11. Nd2 Bg7 12. Bc4 Ne7 13. Nd5 O-O 14. O-O Be6 15. Nxe7+ Qxe7 16. Bxe6 fxe6 17. exf5 exf5 18. Nc4 Qe6 19. Nb6 Rad8 20. Qd5 Qxd5 21. Nxd5 e4 22. c3 Be5 23. f4 Bg7 24. a4 Kf7 25. Kf2 Ke6 26. Rfd1 Rc8 27. Rd2 h5 28. g3 h4 29. Rad1 hxg3+ 30. hxg3 Rh8 31. Ne3 Rh2+ 32. Ng2 Bf8 33. Kg1 Rh3 34. Kf2 Rc7 35. Rd5 Rg7 36. Ne3 Rhxg3 37. Nxf5 Rf3+ 0-1

[Event "European Blitz-ch 2018"]
[Site "Skopje"]
[Date "2018.12.06"]
[Round "2"]
[White "Maloberti, David"]
[Black "Pancevski, Filip"]
[Result "0-1"]
[WhiteElo "2122"]
[BlackElo "2495"]
[Annotator "TA"]
[PlyCount "110"]
[EventDate "2018.12.06"]
[EventType "swiss"]
[EventCountry "MKD"]
[SourceTitle "playchess.com"]
[Source "ChessBase"]
[SourceQuality "1"]

1. d4 Nf6 2. c4 g6 3. Nc3 Bg7 4. e4 d6 5. Nf3 O-O 6. Be2 e5 7. O-O Nc6 8. d5 Ne7 9. Be3 Ng4 10. Bd2 f5 11. h3 Nf6 12. Ng5 c6 13. dxc6 bxc6 14. Bf3 h6 15. exf5 hxg5 16. fxg6 d5 17. Bxg5 e4 18. Be2 Be6 19. Be3 Nf5 20. Bc5 Re8 21. Bg4 Qa5 22. b4 Qa3 23. Rc1 Rad8 24. Qe2 Qa6 25. b5 cxb5 26. cxb5 Qb7 27. a4 d4 28. Na2 d3 29. Qb2 Nxg4 30. Qa3 Ne5 31. Nb4 Nh4 32. Be3 Nc4 33. Rxc4 Bxc4 34. Nc6 Rc8 35. Qc5 Be6 36. Qh5 Nxg6 37. Qxg6 Qf7 38. Qg3 a6 39. Qd6 axb5 40. axb5 Qd7 41. Qb4 Bd5 42. Rc1 Bxc6 43. bxc6 Rxc6 44. Rb1 Rg6 45. g4 Qf7 46. Qb5 Bh6 47. Bd4 e3 48. Bxe3 Bxe3 49. fxe3 Rxe3 50. Qh5 Re8 51. Rd1 Qa7+ 52. Kh1 Qb7+ 53. Kg1 Qb6+ 54. Kh1 Qc6+ 55. Kg1 Re2 0-1

[Event "European Blitz-ch 2018"]
[Site "Skopje"]
[Date "2018.12.06"]
[Round "2"]
[White "Agafonov, Yuri Dr"]
[Black "Jirovsky, Milos"]
[Result "1/2-1/2"]
[WhiteElo "2118"]
[BlackElo "2448"]
[Annotator "TA"]
[PlyCount "62"]
[EventDate "2018.12.06"]
[EventType "swiss"]
[EventCountry "MKD"]
[SourceTitle "playchess.com"]
[Source "ChessBase"]
[SourceQuality "1"]

1. Nf3 d5 2. c4 e6 3. b3 Nf6 4. Bb2 Be7 5. g3 O-O 6. Bg2 b6 7. cxd5 exd5 8. O-O Bb7 9. d4 Nbd7 10. Nc3 Ne4 11. Nxe4 dxe4 12. Ne5 Nxe5 13. dxe5 Qxd1 14. Rfxd1 Rfd8 15. Bc3 a5 16. Kf1 Bc5 17. Ke1 Kf8 18. e3 Ke7 19. Bf1 h5 20. Bc4 Bc6 21. a3 Rxd1+ 22. Kxd1 Rd8+ 23. Kc2 b5 24. Be2 Bb6 25. Rd1 Rxd1 26. Bxd1 g6 27. Bd4 Bd5 28. Bxb6 cxb6 29. Kc3 Ke6 30. Kd4 b4 31. axb4 axb4 1/2-1/2

[Event "European Blitz-ch 2018"]
[Site "Skopje"]
[Date "2018.12.06"]
[Round "2"]
[White "Atanasov, Radislav"]
[Black "Popov, Valerij"]
[Result "0-1"]
[WhiteElo "2115"]
[BlackElo "2532"]
[PlyCount "78"]
[EventDate "2018.12.06"]
[EventType "swiss"]
[EventCountry "MKD"]

1. e4 c6 2. d4 d5 3. exd5 cxd5 4. c4 Nf6 5. Nc3 e6 6. Nf3 Be7 7. cxd5 Nxd5 8. Bd3 O-O 9. O-O Nc6 10. Re1 Ncb4 11. Be4 Nf6 12. Bb1 b6 13. a3 Nbd5 14. Qd3 Bb7 15. Bg5 g6 16. Bh6 Re8 17. Ba2 Ng4 18. Bd2 Rc8 19. h3 Ngf6 20. Ne5 Nxc3 21. bxc3 Bd5 22. c4 Ba8 23. Bh6 Nd7 24. Nf3 Bf6 25. Rad1 Qc7 26. Qe3 Bg7 27. Bf4 Qd8 28. Ne5 Nxe5 29. Bxe5 Qd7 30. Bxg7 Kxg7 31. Qe5+ Kg8 32. h4 Qc6 33. f3 Qc7 34. Qf6 Qe7 35. Qf4 Qxa3 36. Rd2 Qb4 37. Rde2 Red8 38. h5 Qd6 39. Qg3 Qxg3 0-1

[Event "European Blitz-ch 2018"]
[Site "Skopje"]
[Date "2018.12.06"]
[Round "2"]
[White "Davainis, Marius"]
[Black "Erdos, Viktor"]
[Result "0-1"]
[WhiteElo "2105"]
[BlackElo "2605"]
[Annotator "TA"]
[PlyCount "71"]
[EventDate "2018.12.06"]
[EventType "swiss"]
[EventCountry "MKD"]

1. Nf3 g6 2. c4 Bg7 3. Nc3 c5 4. e3 Nf6 5. d4 cxd4 6. exd4 d5 7. Be2 O-O 8. O-O Nc6 9. h3 dxc4 10. Bxc4 Na5 11. Be2 b6 12. Be3 Bb7 13. Ne5 Rc8 14. Rc1 Nd5 15. Nxd5 Qxd5 16. Bf3 Qxa2 17. Bxb7 Nxb7 18. Ra1 Qxb2 19. Rxa7 Nd6 20. Rxe7 Nf5 21. Ra7 b5 22. Qb1 Rc2 23. Qxb2 Rxb2 24. Rb7 Rb3 25. Nd7 Rd8 26. Bg5 Ra8 27. Nf6+ Kh8 28. d5 h6 29. Ne4 hxg5 30. Nxg5 Kg8 31. Nxf7 Rd3 32. g4 Nh4 33. d6 Rf8 34. d7 Rxf7 35. Rb8+ Rf8 36. f3 0-1

[Event "European Blitz-ch 2018"]
[Site "Skopje"]
[Date "2018.12.06"]
[Round "2"]
[White "Krstevski, Vlatko"]
[Black "Ivanisevic, Ivan"]
[Result "0-1"]
[WhiteElo "2096"]
[BlackElo "2603"]
[Annotator "TA"]
[PlyCount "50"]
[EventDate "2018.12.06"]
[EventType "swiss"]
[EventCountry "MKD"]

1. e4 e5 2. Nf3 Nf6 3. Nc3 d6 4. d4 Nbd7 5. dxe5 dxe5 6. Bc4 Bc5 7. O-O O-O 8. Bg5 h6 9. Bh4 c6 10. h3 b5 11. Bb3 a5 12. a4 b4 13. Ne2 Ba6 14. Re1 g5 15. Nxg5 hxg5 16. Bxg5 Qb6 17. Bh4 Nxe4 18. Qxd7 Bxf2+ 19. Kh1 Bxh4 20. Qg4+ Ng5 21. Qxh4 Qe3 22. Ng1 Qf4 23. Qh6 Ne6 24. Qh5 Ng7 25. Qe2 Bxe2 0-1

[Event "European Blitz-ch 2018"]
[Site "Skopje"]
[Date "2018.12.06"]
[Round "3"]
[White "Navara, David"]
[Black "Nestorovic, Nikola"]
[Result "1-0"]
[WhiteElo "2736"]
[BlackElo "2460"]
[Annotator "TA"]
[PlyCount "73"]
[EventDate "2018.12.06"]
[EventType "swiss"]
[EventCountry "MKD"]

1. d4 Nf6 2. c4 e6 3. Nc3 Bb4 4. e3 O-O 5. Bd3 d5 6. cxd5 exd5 7. Nge2 b6 8. a3 Bd6 9. b4 a6 10. O-O Re8 11. f3 Bb7 12. Rb1 Nbd7 13. Qc2 Bf8 14. e4 g6 15. e5 Nh5 16. f4 f5 17. g4 fxg4 18. Bxg6 hxg6 19. Qxg6+ Ng7 20. f5 Qh4 21. f6 Qh5 22. f7+ Kh8 23. fxe8=Q Rxe8 24. Qxh5+ Nxh5 25. Rf7 Be7 26. e6 Nf8 27. Nf4 Nxf4 28. Bxf4 Nxe6 29. Be5+ Kg8 30. Rbf1 c5 31. Ne2 Bc8 32. bxc5 bxc5 33. Ng3 Bf8 34. Nh5 Ng5 35. Rc7 Be7 36. Rxe7 Rxe7 37. Nf6+ 1-0

[Event "European Blitz-ch 2018"]
[Site "Skopje"]
[Date "2018.12.06"]
[Round "3"]
[White "Cheparinov, Ivan"]
[Black "Ristic, Nenad"]
[Result "1-0"]
[WhiteElo "2709"]
[BlackElo "2357"]
[Annotator "TA"]
[PlyCount "93"]
[EventDate "2018.12.06"]
[EventType "swiss"]
[EventCountry "MKD"]

1. d4 Nf6 2. Nf3 g6 3. c4 Bg7 4. g3 O-O 5. Bg2 c5 6. Nc3 cxd4 7. Nxd4 Nc6 8. O-O Ng4 9. e3 d6 10. b3 Nxd4 11. exd4 Nh6 12. Bb2 Nf5 13. Ne2 Rb8 14. a4 b6 15. Qd2 Bb7 16. d5 Bxb2 17. Qxb2 a6 18. Rfd1 Qd7 19. Nc3 e5 20. Ne4 f6 21. a5 b5 22. c5 dxc5 23. Nxc5 Qd6 24. Ne4 Qb4 25. Qd2 Qxd2 26. Rxd2 Nd4 27. Nc5 Rfd8 28. Nxb7 Rxb7 29. Rd3 Rc7 30. Re1 b4 31. f4 Rc3 32. Rdd1 Nxb3 33. fxe5 fxe5 34. Rxe5 Nxa5 35. d6 Nc4 36. Bd5+ Kh8 37. Bxc4 Rxc4 38. d7 Kg7 39. Re8 Rxd7 40. Rxd7+ Kh6 41. Rb7 a5 42. Ra8 Rc5 43. Kg2 Kg5 44. Rxh7 b3 45. Rb7 Rc2+ 46. Kh3 b2 47. Rab8 1-0

[Event "European Blitz-ch 2018"]
[Site "Skopje"]
[Date "2018.12.06"]
[Round "3"]
[White "Mamedov, Rauf"]
[Black "Maly, Alexey"]
[Result "1-0"]
[WhiteElo "2703"]
[BlackElo "2339"]
[Annotator "TA"]
[PlyCount "69"]
[EventDate "2018.12.06"]
[EventType "swiss"]
[EventCountry "MKD"]

1. e4 c6 2. Ne2 d5 3. e5 c5 4. d4 Nc6 5. c3 Bf5 6. dxc5 e6 7. b4 Nxe5 8. Nd4 Bxb1 9. Bb5+ Nd7 10. Rxb1 Ngf6 11. Bf4 a6 12. Ba4 g6 13. O-O Bg7 14. c6 bxc6 15. Nxc6 Qb6 16. c4 dxc4 17. Ne5 Qa7 18. Qd6 Bf8 19. Qc6 Rd8 20. Rbd1 Be7 21. Nxd7 Nxd7 22. Rxd7 Rxd7 23. Qc8+ Bd8 24. Rd1 O-O 25. Rxd7 Qb6 26. Qxc4 Bh4 27. g3 Bf6 28. Be3 Qb8 29. Qf4 Be5 30. Qe4 Bg7 31. Bc5 Rc8 32. Bb3 Qb5 33. Rxf7 Rd8 34. Qxe6 Re8 35. Rf8# 1-0

[Event "European Blitz-ch 2018"]
[Site "Skopje"]
[Date "2018.12.06"]
[Round "3"]
[White "Saric, Ivan"]
[Black "Gokerkan, Cem Kaan"]
[Result "1-0"]
[WhiteElo "2695"]
[BlackElo "2420"]
[Annotator "TA"]
[PlyCount "66"]
[EventDate "2018.12.06"]
[EventType "swiss"]
[EventCountry "MKD"]

1. e4 c5 2. Nf3 d6 3. g3 Nf6 4. d3 g6 5. Bg2 Bg7 6. O-O O-O 7. Re1 Nc6 8. c3 e5 9. a3 d5 10. Nbd2 dxe4 11. dxe4 h6 12. b4 Re8 13. Qe2 Qc7 14. Nc4 Be6 15. Nfd2 b5 16. Ne3 c4 17. a4 a6 18. Nd5 Bxd5 19. exd5 Nd4 20. Qd1 Nf5 21. axb5 axb5 22. Rxa8 Rxa8 23. d6 Qb8 24. Bxa8 Qxa8 25. Rxe5 Nxd6 26. Re1 Nd5 27. Qf3 Bxc3 28. Rd1 Qa4 29. Nb1 Bxb4 30. Qxd5 Qc2 31. Bxh6 Bc5 32. Rf1 Ne4 33. Nd2 Nc3 1-0

[Event "European Blitz-ch 2018"]
[Site "Skopje"]
[Date "2018.12.06"]
[Round "3"]
[White "Demchenko, Anton"]
[Black "Videnova, Iva"]
[Result "1-0"]
[WhiteElo "2679"]
[BlackElo "2322"]
[Annotator "TA"]
[PlyCount "71"]
[EventDate "2018.12.06"]
[EventType "swiss"]
[EventCountry "MKD"]
[SourceTitle "playchess.com"]
[Source "ChessBase"]
[SourceQuality "1"]

1. e4 c5 2. Nf3 e6 3. g3 Nc6 4. Bg2 Nf6 5. Qe2 d5 6. exd5 Nxd5 7. O-O Be7 8. Rd1 Nd4 9. Nxd4 cxd4 10. c4 Nf6 11. d3 h6 12. Na3 O-O 13. Bf4 a6 14. Nc2 a5 15. b3 Bd6 16. Be5 Bc5 17. a3 Ne8 18. b4 f6 19. bxc5 fxe5 20. Qxe5 Ra6 21. Nxd4 Qf6 22. Qxf6 gxf6 23. Rab1 e5 24. Nc2 Nc7 25. Bxb7 Bxb7 26. Rxb7 Rc6 27. Ne3 Rxc5 28. Nf5 Kh7 29. Kf1 Kg6 30. Ne7+ Kf7 31. Nd5 Rc8 32. Rdb1 Ke6 33. R1b6+ Kd7 34. Nxf6+ Kd8 35. Ne4 Na8 36. Rd6+ 1-0

[Event "European Blitz-ch 2018"]
[Site "Skopje"]
[Date "2018.12.06"]
[Round "3"]
[White "Van Foreest, Jorden"]
[Black "Maier, Christian"]
[Result "1-0"]
[WhiteElo "2614"]
[BlackElo "2340"]
[Annotator "TA"]
[PlyCount "63"]
[EventDate "2018.12.06"]
[EventType "swiss"]
[EventCountry "MKD"]
[SourceTitle "playchess.com"]
[Source "ChessBase"]
[SourceQuality "1"]

1. e4 e6 2. d4 d5 3. Nc3 Bb4 4. Bd3 Nc6 5. Nf3 Nge7 6. O-O a6 7. e5 Nf5 8. Ne2 Be7 9. c3 Na7 10. Ng3 c5 11. dxc5 Nxg3 12. hxg3 Bxc5 13. Qa4+ Nc6 14. Qg4 Bf8 15. Bg5 Qc7 16. Rfe1 Bd7 17. b4 h6 18. Bd2 Na7 19. a4 g5 20. b5 Bg7 21. Rab1 axb5 22. axb5 Nc8 23. Be3 Nb6 24. Bd4 Rc8 25. Qh5 Nc4 26. Rb4 Qd8 27. Bxc4 Rxc4 28. Rxc4 dxc4 29. Bc5 Bxb5 30. Nd4 Bc6 31. Nxe6 Qd5 32. Nc7+ 1-0

[Event "European Blitz-ch 2018"]
[Site "Skopje"]
[Date "2018.12.06"]
[Round "3"]
[White "Banikas, Hristos"]
[Black "Ivic, Velimir"]
[Result "1-0"]
[WhiteElo "2601"]
[BlackElo "2497"]
[Annotator "TA"]
[PlyCount "55"]
[EventDate "2018.12.06"]
[EventType "swiss"]
[EventCountry "MKD"]
[SourceTitle "playchess.com"]
[Source "ChessBase"]
[SourceQuality "1"]

1. d4 Nf6 2. c4 g6 3. Nf3 Bg7 4. g3 O-O 5. Bg2 d6 6. O-O Nc6 7. Nc3 e5 8. dxe5 Nxe5 9. Qb3 Nxf3+ 10. Bxf3 Nd7 11. Rd1 Nc5 12. Qc2 Bf5 13. e4 Bh3 14. Be3 Qf6 15. Qe2 c6 16. Bd4 Qe7 17. Bxg7 Kxg7 18. Qd2 Rad8 19. Qd4+ Qe5 20. Rd2 a5 21. Rad1 Ne6 22. Qe3 h5 23. Be2 g5 24. Na4 h4 25. Qc3 hxg3 26. hxg3 Rh8 27. Rxd6 Rxd6 28. Qxe5+ 1-0

[Event "European Blitz-ch 2018"]
[Site "Skopje"]
[Date "2018.12.06"]
[Round "3"]
[White "Bosiocic, Marin"]
[Black "De Filomeno, Simone"]
[Result "0-1"]
[WhiteElo "2599"]
[BlackElo "2436"]
[Annotator "TA"]
[PlyCount "145"]
[EventDate "2018.12.06"]
[EventType "swiss"]
[EventCountry "MKD"]
[SourceTitle "playchess.com"]
[Source "ChessBase"]
[SourceQuality "1"]

1. d4 d5 2. c4 e6 3. Nf3 Nf6 4. g3 Be7 5. Bg2 O-O 6. O-O dxc4 7. Qc2 a6 8. a4 Bd7 9. Qxc4 Bc6 10. Bg5 Bd5 11. Qc2 Nc6 12. Bxf6 gxf6 13. e3 Nb4 14. Qe2 c5 15. Nc3 Bb3 16. Nd2 Bc2 17. Bxb7 Rb8 18. Be4 cxd4 19. exd4 f5 20. Bxc2 Nxc2 21. Rad1 Nxd4 22. Qxa6 Rxb2 23. Qd3 Bf6 24. Nf3 Nxf3+ 25. Qxf3 Qa8 26. Qe3 Rb3 27. Rd3 Rc8 28. Ne2 Rxd3 29. Qxd3 Qxa4 30. Nf4 Qc4 31. Qf3 Qe4 32. Qd1 Bg5 33. Qd7 Qc6 34. Qd4 Qc4 35. Qd6 Bxf4 36. gxf4 Qe4 37. f3 Qc6 38. Qe5 Qc5+ 39. Qxc5 Rxc5 40. Kg2 Kg7 41. Kg3 Rc2 42. Ra1 Rc8 43. Ra7 Kf6 44. Ra6 Rg8+ 45. Kf2 h5 46. h4 Rb8 47. Kg3 Rb1 48. Rc6 Rg1+ 49. Kf2 Rh1 50. Kg3 Rd1 51. Ra6 Rd4 52. Rb6 Kg6 53. Ra6 Rd7 54. Rb6 Re7 55. Ra6 f6 56. Rb6 Kg7 57. Ra6 e5 58. fxe5 fxe5 59. Rb6 Rd7 60. Re6 Rd5 61. Kg2 Rd2+ 62. Kh3 Re2 63. Ra6 f4 64. Ra7+ Kg6 65. Ra6+ Kf5 66. Rh6 Re3 67. Rxh5+ Kf6 68. Kg4 Re1 69. Rf5+ Ke6 70. Rg5 Rg1+ 71. Kh5 Rg3 72. Rg6+ Kd5 73. Rg4 0-1

[Event "European Blitz-ch 2018"]
[Site "Skopje"]
[Date "2018.12.06"]
[Round "3"]
[White "Georgiev, Kiril"]
[Black "Kutirov, Rolando"]
[Result "1-0"]
[WhiteElo "2595"]
[BlackElo "2316"]
[Annotator "TA"]
[PlyCount "97"]
[EventDate "2018.12.06"]
[EventType "swiss"]
[EventCountry "MKD"]
[SourceTitle "playchess.com"]
[Source "ChessBase"]
[SourceQuality "1"]

1. d4 d5 2. Nf3 Nf6 3. Bf4 c5 4. e3 Nc6 5. c3 Bg4 6. Nbd2 Bxf3 7. Nxf3 e6 8. Qb3 Qb6 9. Qxb6 axb6 10. Bb5 Nd7 11. O-O Be7 12. a4 O-O 13. Rfd1 Rfc8 14. g4 h6 15. h4 Nf6 16. g5 hxg5 17. hxg5 Ne4 18. Kg2 Bd6 19. Rh1 Bxf4 20. exf4 Nd6 21. Bxc6 bxc6 22. Ne5 cxd4 23. cxd4 g6 24. b3 Kf8 25. Nd7+ Ke7 26. Nxb6 Nf5 27. Rhd1 Rcb8 28. Nxa8 Rxa8 29. a5 Ra6 30. b4 Nd6 31. Kf3 Nb5 32. Ke3 Ra8 33. Rac1 Kd6 34. Rh1 Ra7 35. Rh8 Na3 36. Rc8 Nc4+ 37. Kd3 Nb2+ 38. Kc3 Nc4 39. Rh1 Rb7 40. Rhh8 Na3 41. Rhd8+ Ke7 42. Rb8 Nb5+ 43. Kd3 Rc7 44. Re8+ Kd6 45. Rbd8+ Rd7 46. Rxd7+ Kxd7 47. Rh8 Nd6 48. a6 Kc7 49. a7 1-0